| 000 | 01275nam a2200337 i 4500 | ||
|---|---|---|---|
| 003 | EG-GICUC | ||
| 005 | 20260121101330.0 | ||
| 008 | 251121s2009 ua ||||fr|||| 00| 0 ara d | ||
| 017 | _a2008/14491 | ||
| 020 | _a977-17-5879-9 | ||
| 040 |
_a EG-GICUC _bara _c EG-GICUC _d EG-GICUC _erda |
||
| 041 | 0 | _aara | |
| 082 | 0 | 4 |
_221 _a345.31 _bط ا . م |
| 092 | 0 | 4 | _221 |
| 099 | _aLaw1 07 345.31 ط ا . م 1 ed - 2009 | ||
| 100 | 0 |
_aطارق الجيار _eمؤلف. |
|
| 245 | 1 | 2 |
_aالملاءمة الأمنية : _bومشروعية قرارات الضبط الإداري / _cالدكتور طارق الجيار. |
| 250 | _aالطبعة الأولى | ||
| 264 | 1 |
_aالإسكندرية : _bمنشأة المعارف، _c2009. |
|
| 300 |
_a442 ؛صفحة _c24 سم. |
||
| 336 |
_2rda content _atext |
||
| 337 |
_2rda media _aComputer |
||
| 338 |
_2rda carrier _aOnline Resource |
||
| 504 | _aيشتمل على إرجاعات ببليوجرافية. | ||
| 546 | _aالنص أغلبه باللغة العربية مع بعض النصوص الفرنسية | ||
| 650 | 1 | 4 | _aالضبط الإداري |
| 650 | 1 | 4 | _aالقانون الإداري |
| 856 | 4 | 0 | _uhttps://fll.law.cu.edu.eg/fulltext/bks/B07-00847.pdf |
| 905 |
_a32 _eYara |
||
| 942 |
_2ddc _cBK _e21 _n0 |
||
| 999 |
_c45245 _d45245 |
||